书目信息 |
| 题名: |
避雨的豹
|
|
| 作者: | 郭风 著 | |
| 分册: | ||
| 出版信息: | 北京 人民文学出版社 1980 |
|
| 页数: | 215页 | |
| 开本: | 19cm | |
| 丛书名: | ||
| 单 册: | ||
| 中图分类: | I287.6 , I267 | |
| 科图分类: | ||
| 主题词: | 儿童文学--科学小品--中国--现代 , 散文--中国 , 散文--作品综合集--中国 | |
| 电子资源: | ||
| ISBN: | ||
| 000 | 00654nam0 2200253 450 | |
| 001 | 1570082906 | |
| 005 | 20150120192831.34 | |
| 010 | @dCNY0.53 | |
| 091 | @a10019.2975@dCNY0.53 | |
| 100 | @a20071009d1980 em y0chiy0121 ea | |
| 101 | 0 | @achi |
| 102 | @aCN@b110000 | |
| 105 | @af z 000zy | |
| 200 | 1 | @a避雨的豹@9bi yu de bao@f郭风 |
| 210 | @a北京@c人民文学出版社@d1980 | |
| 215 | @a215页@c图@d19cm | |
| 606 | 0 | @a儿童文学@x科学小品@y中国@z现代 |
| 606 | 0 | @a散文@x中国 |
| 606 | 0 | @a散文@x作品综合集@x中国 |
| 690 | @aI287.6@v5 | |
| 690 | @aI267@v4 | |
| 701 | 0 | @a郭风@9guo feng@4著 |
| 801 | 0 | @aCN@bTSSF@c20150120 |
| 905 | @aZUCC@dI267@eJY9 | |
| 避雨的豹/郭风.-北京:人民文学出版社,1980 |
| 215页:图;19cm |
| ISBN :CNY0.53 |
| ● |
| 相关链接 |
|
|
|
|
正题名:避雨的豹
索取号:I267/JY9
 
预约/预借
| 序号 | 登录号 | 条形码 | 馆藏地/架位号 | 状态 | 备注 |
| 1 | 7850022 | 278500221 | 学院路分馆/ [索取号:I267/JY9] | 在馆 | |
| 2 | 7850023 | 278500230 | 学院路分馆/ [索取号:I267/JY9] | 在馆 | |
| 3 | 7850024 | 278500249 | 学院路分馆/ [索取号:I267/JY9] | 在馆 | |
| 4 | 7850025 | 278500258 | 学院路分馆/ [索取号:I267/JY9] | 在馆 |